00294nam a2200109 a 4500008004100000050001400041100001700055245006200072246003200134260000900166350000900175120416s1992 xx |||||||||||||| || u aS 572 Agr aStorey, G. G10aAgricultural marketing in Lesothocedited by G. G. Storey aM.T. Mochebelele and others c1992 a0.00